[Event "FRA-chT Top 12 (Women) GpB"]
[Site "Mulhouse"]
[Date "2022.04.08"]
[Round "2.1"]
[White "Javakhishvili, Lela"]
[Black "Le Marec, Laura"]
[Result "1-0"]
[WhiteElo "2482"]
[BlackElo "1770"]
[PlyCount "71"]
[EventDate "2022.04.07"]
[EventType "team-tourn"]
[EventRounds "5"]
[EventCountry "FRA"]
[SourceTitle "CBM 207 Extra"]
[Source "ChessBase"]
[SourceDate "2022.05.31"]
[SourceVersion "1"]
[SourceVersionDate "2022.05.31"]
[SourceQuality "1"]
[WhiteTeam "Bischwiller (W)"]
[BlackTeam "Domloupeen (W)"]
[WhiteTeamCountry "FRA"]
[BlackTeamCountry "FRA"]

1. Nf3 d5 2. d4 Nf6 3. c4 e6 4. Nc3 Be7 5. Bf4 0-0 6. e3 a6 7. cxd5 exd5 8. Bd3 c5 9. dxc5 Nc6 10. 0-0 Bxc5 11. Rc1 Ba7 12. Bg5 Be6 13. Ne2 Rc8 14. Bb1 Bg4 15. Qd3 g6 16. Ned4 Bxf3 17. Nxf3 Qd6 18. Rcd1 Ne5 19. Qe2 Rfe8 20. g3 Nc4 21. b3 Na3 22. Qb2 Ne4 23. Bxe4 Rxe4 24. Bf4 Rxf4 25. exf4 Rc2 26. Qe5 Qxe5 27. fxe5 Nb5 28. Rxd5 Nc3 29. Rd2 Rxd2 30. Nxd2 Nxa2 31. Kg2 Nb4 32. Rd1 Nc6 33. Nf3 Bb8 34. Rd7 b6 35. Rb7 Kg7 36. Rxb6 1-0

[Event "FRA-chT Top 12 final (Women)"]
[Site "Cesson Sevigne"]
[Date "2021.08.29"]
[Round "2.4"]
[White "Le Marec, Laura"]
[Black "Coriat, Caroline"]
[Result "1-0"]
[WhiteElo "1743"]
[BlackElo "1784"]
[PlyCount "47"]
[EventDate "2021.08.28"]
[EventType "team-k.o."]
[EventRounds "2"]
[EventCountry "FRA"]
[SourceTitle "CBM 204 Extra"]
[Source "ChessBase"]
[SourceDate "2021.11.30"]
[SourceVersion "1"]
[SourceVersionDate "2021.11.30"]
[SourceQuality "1"]
[WhiteTeam "Domloupeen (W)"]
[BlackTeam "Paris Club 608 (W)"]
[WhiteTeamCountry "FRA"]
[BlackTeamCountry "FRA"]

1. c4 e5 2. Nc3 Nc6 3. g3 f5 4. Bg2 Nf6 5. e3 Bb4 6. Nge2 Bxc3 7. Nxc3 0-0 8. d3 Ne7 9. 0-0 c6 10. b3 d6 11. Ba3 f4 12. d4 exd4 13. Qxd4 Nf5 14. Qxf4 Ng4 15. Qxg4 Nxe3 16. Qd4 Nxf1 17. Rxf1 Qg5 18. Ne4 Qh5 19. Nxd6 Bh3 20. Bb2 Rf6 21. Bxh3 Qxh3 22. c5 Rd8 23. Qc4+ Re6 24. Re1 1-0

[Event "FRA-chT Top 12 (Women) GpA"]
[Site "Cesson Sevigne"]
[Date "2021.08.27"]
[Round "2.2"]
[White "Broly, Mathilde"]
[Black "Le Marec, Laura"]
[Result "1-0"]
[WhiteElo "2154"]
[BlackElo "1743"]
[PlyCount "127"]
[EventDate "2021.08.26"]
[EventType "team-tourn"]
[EventRounds "3"]
[EventCountry "FRA"]
[SourceTitle "CBM 204 Extra"]
[Source "ChessBase"]
[SourceDate "2021.11.30"]
[SourceVersion "1"]
[SourceVersionDate "2021.11.30"]
[SourceQuality "1"]
[WhiteTeam "Asnieres (W)"]
[BlackTeam "Domloupeen (W)"]
[WhiteTeamCountry "FRA"]
[BlackTeamCountry "FRA"]

1. e4 c5 2. Nf3 a6 3. c4 e6 4. d4 cxd4 5. Nxd4 Nf6 6. Nc3 Qc7 7. a3 b6 8. Be3 Bb7 9. f3 d6 10. Be2 Nbd7 11. Rc1 Be7 12. b4 0-0 13. 0-0 Rfe8 14. Qe1 Rac8 15. Qf2 Qb8 16. Na4 d5 17. exd5 exd5 18. Nf5 Qe5 19. Ng3 dxc4 20. Bd4 Qe6 21. Nxb6 Nxb6 22. Bxb6 Nd5 23. Bd4 Nf4 24. Rfe1 Qd5 25. Rcd1 Qg5 26. Bf1 h5 27. Kh1 h4 28. Ne4 Qg6 29. Qd2 Nd5 30. Qa2 Qh5 31. Bxc4 Nf4 32. Bf1 h3 33. g4 Qg6 34. Qf2 Bd5 35. Be5 Bxe4 36. Rxe4 Ne6 37. Re2 Red8 38. Rxd8+ Rxd8 39. Bxh3 Ng5 40. Bf1 Qc6 41. Kg2 Rd3 42. Rc2 Qxf3+ 43. Qxf3 Rxf3 44. h4 Rxa3 45. hxg5 Bxb4 46. Bc4 Kf8 47. Rf2 f6 48. gxf6 gxf6 49. Rxf6+ Ke7 50. Rxa6 Re3 51. Bf6+ Kd7 52. g5 Be1 53. Bd5 Rd3 54. Be6+ Kc7 55. Ra4 Kd6 56. Bf5 Rg3+ 57. Kf1 Rf3+ 58. Kxe1 Rxf5 59. Ke2 Ke6 60. Rg4 Kf7 61. g6+ Kg8 62. Bd4 Rf8 63. Rh4 Re8+ 64. Kd3 1-0

[Event "FRA-chT Top 12 (Women) GpA"]
[Site "Cesson Sevigne"]
[Date "2021.08.26"]
[Round "1.1"]
[White "Afraoui, Anaelle"]
[Black "Le Marec, Laura"]
[Result "1-0"]
[WhiteElo "2118"]
[BlackElo "1743"]
[PlyCount "135"]
[EventDate "2021.08.26"]
[EventType "team-tourn"]
[EventRounds "3"]
[EventCountry "FRA"]
[SourceTitle "CBM 204 Extra"]
[Source "ChessBase"]
[SourceDate "2021.11.30"]
[SourceVersion "1"]
[SourceVersionDate "2021.11.30"]
[SourceQuality "1"]
[WhiteTeam "Clichy Echecs 92 (W)"]
[BlackTeam "Domloupeen (W)"]
[WhiteTeamCountry "FRA"]
[BlackTeamCountry "FRA"]

1. e4 c5 2. Nf3 a6 3. c4 e6 4. Nc3 Qc7 5. d4 cxd4 6. Nxd4 Nf6 7. Be2 b6 8. 0-0 Bb7 9. Qd3 d6 10. Be3 Nbd7 11. Qc2 Be7 12. Rac1 0-0 13. f3 Rac8 14. Rfd1 Rfe8 15. Bf1 Qb8 16. Qf2 Bd8 17. b3 Bc7 18. Qh4 Ne5 19. Nde2 Ng6 20. Qh3 d5 21. exd5 exd5 22. Bg5 dxc4 23. Bxf6 gxf6 24. bxc4 Bf4 25. Nxf4 Qxf4 26. Qd7 Re7 27. Qd4 Qxd4+ 28. Rxd4 b5 29. cxb5 axb5 30. Ne2 Rxc1 31. Nxc1 Re1 32. Nb3 Ne5 33. Kf2 Rb1 34. Bxb5 Kf8 35. h3 Rb2+ 36. Rd2 Rxd2+ 37. Nxd2 Nc6 38. a3 Nd4 39. Bd3 h6 40. Ke3 Ne6 41. Ne4 Ke7 42. Ng3 Kf8 43. Nf5 h5 44. Ng3 Ng7 45. a4 Ke7 46. Nf5+ Nxf5+ 47. Bxf5 Kd6 48. Kf4 Ba6 49. h4 Bf1 50. g4 hxg4 51. fxg4 Ke7 52. h5 Ba6 53. h6 Kf8 54. Ke4 Bb7+ 55. Kd4 Kg8 56. a5 Ba6 57. Kc5 Kf8 58. Kb6 Bc4 59. a6 Bxa6 60. Kxa6 Kg8 61. Kb6 Kh8 62. Kc7 Kg8 63. Kd7 Kh8 64. Ke7 Kg8 65. h7+ Kh8 66. Bc8 Kxh7 67. Kxf7 Kh8 68. Kxf6 1-0

[Event "Cappelle Online Blitz op"]
[Site "Europe Echecs INT"]
[Date "2021.03.07"]
[Round "9"]
[White "Godel, Wenceslas"]
[Black "Le Marec, Laura"]
[Result "1-0"]
[WhiteElo "1978"]
[BlackElo "1714"]
[PlyCount "87"]
[EventDate "2021.03.07"]
[EventType "swiss (blitz)"]
[EventRounds "11"]
[EventCountry "FRA"]
[SourceTitle "CBM 201 Extra"]
[Source "ChessBase"]
[SourceDate "2021.05.31"]
[SourceVersion "1"]
[SourceVersionDate "2021.05.31"]
[SourceQuality "1"]

1. Nf3 Nf6 2. g3 g6 3. Bg2 Bg7 4. 0-0 0-0 5. d4 d5 6. c3 c5 7. Bf4 Nc6 8. Ne5 e6 9. Nxc6 bxc6 10. dxc5 Nd7 11. Bd6 Re8 12. Nd2 a5 13. Re1 a4 14. Qc2 a3 15. b4 Qf6 16. Rac1 e5 17. e4 d4 18. Nc4 Ba6 19. cxd4 exd4 20. e5 Qe6 21. Na5 d3 22. Qd2 Bb5 23. Nxc6 Qf5 24. Nd4 Qh5 25. Nxb5 Bh6 26. f4 Nxe5 27. Bxe5 Rxe5 28. Bxa8 Re2 29. Rxe2 dxe2 30. Re1 g5 31. Qxe2 Qg6 32. Be4 Qf6 33. f5 Bg7 34. c6 Qe5 35. c7 Qe8 36. Bb7 Qxe2 37. Rxe2 Bd4+ 38. Nxd4 Kg7 39. c8Q h6 40. Ne6+ Kf6 41. Qc3+ Ke7 42. Nxg5+ Kd6 43. Nxf7+ Kd7 44. Qc6# 1-0

[Event "Cappelle Online Blitz op"]
[Site "Europe Echecs INT"]
[Date "2021.03.07"]
[Round "6"]
[White "Le Marec, Laura"]
[Black "Briand, Edouard"]
[Result "0-1"]
[WhiteElo "1714"]
[BlackElo "1076"]
[PlyCount "106"]
[EventDate "2021.03.07"]
[EventType "swiss (blitz)"]
[EventRounds "11"]
[EventCountry "FRA"]
[SourceTitle "CBM 201 Extra"]
[Source "ChessBase"]
[SourceDate "2021.05.31"]
[SourceVersion "1"]
[SourceVersionDate "2021.05.31"]
[SourceQuality "1"]

1. c4 e5 2. Nc3 Nf6 3. g3 Nc6 4. Bg2 Bc5 5. e3 d6 6. Nge2 Bg4 7. h3 Be6 8. Nd5 Bxd5 9. cxd5 Ne7 10. Nc3 0-0 11. 0-0 c6 12. d4 Bb6 13. dxe5 dxe5 14. e4 h6 15. Be3 Bxe3 16. fxe3 cxd5 17. exd5 Qd6 18. Qb3 b6 19. Nb5 Qd7 20. d6 Nf5 21. Rfd1 a6 22. e4 axb5 23. exf5 Qxf5 24. Bxa8 Rxa8 25. Rf1 Qxh3 26. Rad1 Ng4 27. Qxf7+ Kh7 28. Qf5+ Kh8 29. Qxg4 Qxg4 30. d7 Rd8 31. Rf8+ Rxf8 32. d8Q Rxd8 33. Rxd8+ Kh7 34. Kg2 Qe2+ 35. Kh3 Qxb2 36. Rd6 Qxa2 37. Rxb6 Qa5 38. Re6 b4 39. g4 b3 40. Re8 b2 41. Rb8 Qc3+ 42. Kh4 e4 43. g5 hxg5+ 44. Kxg5 e3 45. Kf4 Qc7+ 46. Kg4 Qxb8 47. Kg5 Qg3+ 48. Kf5 Qf2+ 49. Ke4 e2 50. Kd3 e1Q 51. Kc4 Qfd2 52. Kb3 b1Q+ 53. Kc4 Qec1# 0-1

[Event "Cappelle Online Blitz op"]
[Site "Europe Echecs INT"]
[Date "2021.03.07"]
[Round "5"]
[White "Mathews, Cesar"]
[Black "Le Marec, Laura"]
[Result "1-0"]
[WhiteElo "1999"]
[BlackElo "1714"]
[PlyCount "67"]
[EventDate "2021.03.07"]
[EventType "swiss (blitz)"]
[EventRounds "11"]
[EventCountry "FRA"]
[SourceTitle "CBM 201 Extra"]
[Source "ChessBase"]
[SourceDate "2021.05.31"]
[SourceVersion "1"]
[SourceVersionDate "2021.05.31"]
[SourceQuality "1"]

1. e4 c5 2. Nf3 a6 3. d4 cxd4 4. Nxd4 Nf6 5. Nc3 e5 6. Nb3 Bb4 7. Bd3 d5 8. exd5 e4 9. Qe2 0-0 10. Bxe4 Nxe4 11. 0-0 Nxc3 12. Qc4 Nxd5 13. c3 b5 14. Qe4 Be7 15. Rd1 Bb7 16. Bf4 Nd7 17. Bg3 N7f6 18. Qe5 Re8 19. Nd4 Bc5 20. Qg5 Ne4 21. Qh5 Nxg3 22. hxg3 Qf6 23. Nf5 Rad8 24. g4 Nf4 25. Qh2 Ne2+ 26. Kh1 Bxf2 27. Rxd8 Rxd8 28. Qc7 Ba8 29. Rf1 Qb6 30. Qe7 Bc5 31. Qg5 Qg6 32. Qxd8+ Bf8 33. Ne7+ Kh8 34. Qxf8# 1-0

[Event "Cappelle Online Rapid op"]
[Site "Europe Echecs INT"]
[Date "2021.03.06"]
[Round "8"]
[White "Boissonnier, Kimo"]
[Black "Le Marec, Laura"]
[Result "1-0"]
[WhiteElo "2016"]
[BlackElo "1714"]
[PlyCount "99"]
[EventDate "2021.03.06"]
[EventType "swiss (rapid)"]
[EventRounds "9"]
[EventCountry "FRA"]
[SourceTitle "CBM 201 Extra"]
[Source "ChessBase"]
[SourceDate "2021.05.31"]
[SourceVersion "1"]
[SourceVersionDate "2021.05.31"]
[SourceQuality "1"]

1. d4 Nf6 2. Nf3 d5 3. c4 e6 4. Bg5 Be7 5. e3 a6 6. Nc3 0-0 7. cxd5 exd5 8. Be2 Ne4 9. Bxe7 Nxc3 10. Bxd8 Nxd1 11. Be7 Re8 12. Ba3 Nxe3 13. fxe3 Rxe3 14. Kf2 Re6 15. Rhe1 Nd7 16. Bd3 Nf6 17. h3 h6 18. Rxe6 Bxe6 19. Ne5 Ne4+ 20. Ke3 Ng3 21. Kf3 Nf5 22. Bxf5 Bxf5 23. Kf4 Be4 24. g3 Re8 25. h4 f6 26. Nd7 g5+ 27. hxg5 hxg5+ 28. Kg4 Kg7 29. Rf1 Bd3 30. Nxf6 Be2+ 31. Kxg5 Re3 32. Nh5+ Bxh5 33. Kxh5 Rxg3 34. Rf5 Rh3+ 35. Kg4 Rh1 36. Rxd5 Kf6 37. Rd7 Rc1 38. Kf4 b6 39. d5 Rc4+ 40. Ke3 Ke5 41. b3 Rc2 42. Bf8 Rxa2 43. Bg7+ Kf5 44. Rxc7 Ra3 45. Rc3 Ra5 46. Rd3 Kg6 47. Bc3 Rc5 48. d6 Kf7 49. d7 a5 50. d8Q 1-0

[Event "Cappelle Online Rapid op"]
[Site "Europe Echecs INT"]
[Date "2021.03.06"]
[Round "5"]
[White "Le Marec, Laura"]
[Black "Fantinel, Thibault"]
[Result "0-1"]
[WhiteElo "1714"]
[BlackElo "2375"]
[PlyCount "62"]
[EventDate "2021.03.06"]
[EventType "swiss (rapid)"]
[EventRounds "9"]
[EventCountry "FRA"]
[SourceTitle "CBM 201 Extra"]
[Source "ChessBase"]
[SourceDate "2021.05.31"]
[SourceVersion "1"]
[SourceVersionDate "2021.05.31"]
[SourceQuality "1"]

1. c4 b6 2. Nc3 Bb7 3. Nf3 Nf6 4. g3 Bxf3 5. exf3 c5 6. Bg2 Nc6 7. 0-0 g6 8. f4 Bg7 9. d4 Nxd4 10. Bxa8 Qxa8 11. f3 h5 12. Be3 Nf5 13. Bf2 0-0 14. Re1 e6 15. Ne4 d5 16. Nxf6+ Bxf6 17. cxd5 exd5 18. Rb1 d4 19. b4 c4 20. b5 d3 21. Re4 Qd5 22. h3 c3 23. Rc1 Rd8 24. a4 Nd6 25. Re3 Nc4 26. Re4 c2 27. Qf1 d2 28. Rxc4 dxc1Q 29. Qxc1 Qxc4 30. Kg2 Rd1 31. Qe3 Qf1+ 0-1

[Event "Cappelle Online Blitz op 1st"]
[Site "Europe Echecs INT"]
[Date "2021.01.10"]
[Round "3"]
[White "Lardon, Quentin"]
[Black "Le Marec, Laura"]
[Result "1-0"]
[WhiteElo "2028"]
[BlackElo "1714"]
[PlyCount "65"]
[EventDate "2021.01.10"]
[EventType "swiss (blitz)"]
[EventRounds "11"]
[EventCountry "FRA"]
[SourceTitle "CBM 200 Extra"]
[Source "ChessBase"]
[SourceDate "2021.03.31"]
[SourceVersion "1"]
[SourceVersionDate "2021.03.31"]
[SourceQuality "1"]

1. c4 c5 2. Nc3 Nc6 3. g3 g6 4. Bg2 Bg7 5. e3 e5 6. Nge2 Nge7 7. 0-0 0-0 8. b3 d6 9. Bb2 Be6 10. Nd5 Rb8 11. d4 cxd4 12. exd4 b5 13. cxb5 Rxb5 14. Ndc3 Rb8 15. d5 Nxd5 16. Nxd5 a5 17. Rc1 Na7 18. Qd2 a4 19. b4 Nb5 20. Nec3 a3 21. Ba1 Nd4 22. Ne2 Bh3 23. Nxd4 Bxg2 24. Kxg2 exd4 25. Bxd4 Qd7 26. Bxg7 Kxg7 27. Qd4+ Kh6 28. Rfe1 Qf5 29. Re4 g5 30. h4 Rb5 31. Ne7 Qg6 32. Nxg6 fxg6 33. hxg5+ 1-0

[Event "Trophee Roza Lallemand Online"]
[Site "Tornelo INT"]
[Date "2020.12.13"]
[Round "7"]
[White "Le Marec, Laura"]
[Black "Schebacher, Solene"]
[Result "1-0"]
[WhiteElo "1714"]
[BlackElo "1859"]
[PlyCount "43"]
[EventDate "2020.12.13"]
[EventType "swiss (rapid)"]
[EventRounds "9"]
[EventCountry "USA"]
[SourceTitle "EXT 2022"]
[Source "ChessBase"]
[SourceDate "2021.10.06"]
[SourceVersion "1"]
[SourceVersionDate "2021.10.06"]
[SourceQuality "1"]

1. c4 Nf6 2. Nc3 e6 3. g3 b6 4. Bg2 Nc6 5. d4 Bb7 6. e4 Nb8 7. Qe2 c5 8. d5 Bd6 9. e5 Be7 10. exf6 Bxf6 11. Nf3 0-0 12. 0-0 Bxc3 13. bxc3 exd5 14. Nh4 Qc7 15. cxd5 c4 16. Qg4 d6 17. Bh6 f6 18. Rae1 Na6 19. Nf5 Rf7 20. Bf4 Bc8 21. Re8+ Rf8 22. Nh6+ 1-0

[Event "Trophee Roza Lallemand Online"]
[Site "Tornelo INT"]
[Date "2020.12.13"]
[Round "8"]
[White "Wittenberg, Serena"]
[Black "Le Marec, Laura"]
[Result "1-0"]
[WhiteElo "1447"]
[BlackElo "1714"]
[PlyCount "25"]
[EventDate "2020.12.13"]
[EventType "swiss (rapid)"]
[EventRounds "9"]
[EventCountry "USA"]
[SourceTitle "EXT 2022"]
[Source "ChessBase"]
[SourceDate "2021.10.06"]
[SourceVersion "1"]
[SourceVersionDate "2021.10.06"]
[SourceQuality "1"]

1. e4 c5 2. Nf3 a6 3. c3 d5 4. exd5 Qxd5 5. d4 Nf6 6. Be3 cxd4 7. Nxd4 e5 8. Nf3 Qxd1+ 9. Kxd1 Nc6 10. Nbd2 Bf5 11. Nc4 0-0-0+ 12. Ke1 Nd7 13. Rd1 1-0

[Event "Rennes Masters op"]
[Site "Rennes"]
[Date "2013.03.31"]
[Round "3"]
[White "Durand Le Ludec, Brendan Bubok"]
[Black "Le Marec, Laura"]
[Result "1/2-1/2"]
[WhiteElo "1769"]
[BlackElo "1677"]
[PlyCount "85"]
[EventDate "2013.03.30"]
[EventType "tourn"]
[EventRounds "7"]
[EventCountry "FRA"]
[SourceTitle "EXT 2014"]
[Source "ChessBase"]
[SourceDate "2013.11.20"]
[SourceVersion "1"]
[SourceVersionDate "2013.11.20"]
[SourceQuality "1"]

1. e4 e6 2. d4 d5 3. c4 dxe4 4. Nc3 Nf6 5. f3 Bb4 6. Qa4+ Nc6 7. a3 Bxc3+ 8. bxc3 exf3 9. Nxf3 Ne4 10. Bd3 Nf6 11. 0-0 0-0 12. Bg5 Bd7 13. Qc2 h6 14. Bh4 Qe7 15. Ne5 Nxe5 16. dxe5 Qc5+ 17. Kh1 Ng4 18. Rae1 Nxe5 19. Bf2 Qd6 20. Bh7+ Kh8 21. c5 Qd5 22. Be4 Qc4 23. Bd4 Nc6 24. Be3 e5 25. Bd3 Qg4 26. Rf3 f5 27. Be2 Qh4 28. Qd2 Rad8 29. Rh3 Qe4 30. Bxh6 f4 31. Bd3 Qxe1+ 32. Qxe1 Bxh3 33. Bf1 Bxg2+ 34. Bxg2 gxh6 35. Bxc6 bxc6 36. Qxe5+ Kg8 37. Qe6+ Kg7 38. Qe7+ Kg6 39. Qe4+ Kg5 40. Qe5+ Kg4 41. Qe6+ Kg5 42. Qe5+ Kg6 43. Qe6+ 1/2-1/2